[Event "POL-chT DMP 2 liga B1 email"]
[Site "POL email"]
[Date "2005.??.??"]
[Round "?"]
[White "Kukla, Krzysztof"]
[Black "Makowski, Tomasz"]
[Result "1/2-1/2"]
[WhiteElo "2160"]
[BlackElo "2040"]
[PlyCount "30"]
[EventDate "2005.??.??"]
[EventType "tourn (corr)"]
[EventRounds "11"]
[EventCountry "POL"]
[SourceTitle "Corr 2008"]
[Source "ChessBase"]
[SourceDate "2008.06.24"]
[SourceVersion "1"]
[SourceVersionDate "2008.06.24"]
[SourceQuality "1"]

1. d4 Nf6 2. c4 e6 3. Nf3 c5 4. d5 d6 5. Nc3 exd5 6. cxd5 g6 7. Bg5 h6 8. Bh4 Bg7 9. Qc2 0-0 10. e3 a6 11. a4 g5 12. Bg3 Nh5 13. Nd2 f5 14. Be2 Nxg3 15. hxg3 Nd7 1/2-1/2